| 000 | 00912nam a2200253 a 4500 | ||
|---|---|---|---|
| 001 | 000017791 | ||
| 003 | DO-SdBNP | ||
| 005 | 20230213095057.0 | ||
| 007 | ta | ||
| 008 | 100406s2009 dr a 000 0 spa d | ||
| 020 | _a8487385214 | ||
| 040 |
_aDO-SdBNP _bspa _cBNPHU |
||
| 082 |
_axxx _bM491c _222 |
||
| 245 | 0 | 0 |
_aMedios de comunicación y trasplante de órganos / _cManuel Alonso... [et al.] ; editores Joan Carles March, Rafael Burgos ; prólogo Fernando Morales Billini. |
| 260 |
_aSanto Domingo : _bInstituto Nacional de Coordinación de Trasplante de la República Dominicana, _c2009. |
||
| 300 |
_a153 p. : _bil. ; _c24 cm. |
||
| 500 | _aIncluye notas al pie de las páginas | ||
| 590 | _aInventariado, 2023 / DG | ||
| 700 | 1 |
_aMarch, Joan Carles, _eed. _938682 |
|
| 700 | 1 |
_aBurgos, Rafael, _eed. _938683 |
|
| 700 | 1 |
_aMorales Billini, Fernando, _epról. _938684 |
|
| 910 | _aDG | ||
| 942 |
_2ddc _cLBS1 |
||
| 999 |
_c17316 _d17316 |
||